Indian constitution : (Record no. 8903)

MARC details
000 -LEADER
fixed length control field 00642cam a2200229ua 4500
001 - CONTROL NUMBER
control field 9902
005 - DATE AND TIME OF LATEST TRANSACTION
control field 20260515114535.0
008 - FIXED-LENGTH DATA ELEMENTS--GENERAL INFORMATION
fixed length control field 161019n ii |||gr||||Z||||||eng
020 ## - INTERNATIONAL STANDARD BOOK NUMBER
International Standard Book Number 9788191068962
040 ## - CATALOGING SOURCE
Transcribing agency MAIN
041 ## - LANGUAGE CODE
Language code of text/sound track or separate title eng
082 ## - DEWEY DECIMAL CLASSIFICATION NUMBER
Classification number 342.54
100 ## - MAIN ENTRY--PERSONAL NAME
Personal name Paul, Kripesh Chandra,
Relator term Author.
245 ## - TITLE STATEMENT
Title Indian constitution :
Remainder of title HS first year /
Statement of responsibility, etc. By Kripesh Chandra Paul & others .
250 ## - EDITION STATEMENT
Edition statement 27th ed.
260 ## - PUBLICATION, DISTRIBUTION, ETC.
Place of publication, distribution, etc. Guwahati:
Name of publisher, distributor, etc. Rupalim prakashan,
Date of publication, distribution, etc. 2016.
300 ## - PHYSICAL DESCRIPTION
Extent 240p.
653 ## - INDEX TERM--UNCONTROLLED
Uncontrolled term Constitutional & administrative law
700 ## - ADDED ENTRY--PERSONAL NAME
Personal name Chakrabarty, Adyanath,
Relator term Author.
700 ## - ADDED ENTRY--PERSONAL NAME
Personal name Paul, Nita,
Relator term Author.
942 ## - ADDED ENTRY ELEMENTS (KOHA)
Koha item type Books
Holdings
Withdrawn status Lost status Damaged status Not for loan Home library Current library Date acquired Total checkouts Full call number Barcode Date last seen Date last checked out Copy number Price effective from Koha item type
        Naharkatiya College Library Naharkatiya College Library 09/19/2020 3 342.54 | PAU 23395 03/23/2026 03/13/2026 3 09/19/2020 Books
        Naharkatiya College Library Naharkatiya College Library 09/19/2020 5 342.54 | PAU 23396 02/19/2026 01/29/2026 2 09/19/2020 Books
        Naharkatiya College Library Naharkatiya College Library 09/19/2020 9 342.54 | PAU 23397 09/09/2025 08/28/2025 1 09/19/2020 Books